Монголчуудын баяр наадам (Бичлэгийн дугаар. 78730)

MARC дэлгэрэнгүй
000 -Удирдлага
Ном зүйн бүртгэл тоо буюу кодлох утгыг агуулсан 00890nam a22002057a 4500
003 - ХЯНАЛТЫН ТОО ТОДОРХОЙЛОГЧ
Код MN-UlNLM
005 - ХАМГИЙН СҮҮЛИЙН ҮЕИЙН ХЭЛЦЛИЙН ОГНОО БА ЦАГ
Тухайн бичилтийг бичсэн засварласан сүүлийн огноо. 20220418125938.0
008 - ЕРӨНХИЙ МЭДЭЭЛЭЛ-ЭЛЕМЕНТҮҮДИЙН ӨГӨГДЛИЙН УРТ
fixed length control field 170719t2016 mp ||||| |||| 00| 0 mon d
040 ## - ЭХ СУРВАЛЖИЙГ ТОДОРХОЙЛОН БИЧИХ
Анхны каталогийн байгууллага Монгол Улсын Үндэсний номын сан
084 ## - БУСАД АНГИЛЛЫН ДУГААР
Ангиллын нэр Номын сан номзүйн ангилал
Анги 63.5(5Мон)
Зохиогчийн 3-н тэмдэгт М 694
Шинжлэх ухааны мэдлэгийн салбар Түүх - 63
245 1# - ҮНДСЭН ГАРЧИГ
Гарчиг Монголчуудын баяр наадам
Гарчигт хамааралтай мэдээ Түүх, гэрэл зураг
Оролцогчдын тухай мэдээ Эмхт. С.Чулуун
-- Ред. Н.Хатанбаатар
260 1# - ГАРАЛТЫН ТУХАЙ МЭДЭЭ
Хэвлэгдсэн газар УБ
Хэвлэлийн газар Адмон принтинг
Хэвлэгдсэн он 2016
300 ## - ТООНЫ МЭДЭЭ
Хуудасны тоо 24х
546 ## - ХЭЛНИЙ ТУХАЙ МЭДЭЭ
Хэл
653 ## - ТҮЛХҮҮР ҮГС
Түлхүүр үг Түүх
740 ## - НОМЫН АГУУЛГЫН ГАРЧИГ
Номын гарчгууд Монгол баяр наадмын тухайд.
-- Наадмын тухай дэг ёслолоос.
-- Бөхийн барилдааны тухай.
-- Нум сум харвах.
-- Морины уралдаан.
-- Баярын хурим найр.
856 ## - ЭЛЕКТРОН БАЙРЛАЛ БА ХОЛБООС
Төрөл Хэвлэмэл ном
942 ## - ЭЛЕМЕНТИЙН ТӨРӨЛ
Төрөл Ном
Захиалгууд
Буцаан татагдсан төлөв Хасагдсан шалтгаан Гэмтсэн төлөв Данс заагч Захиалах боломжгүй Үндсэн номын сан Одоогийн байршил Салбар танхим Сан хөмрөг 5 Бүртгэсэн огноо Бүрдүүлэлтийн эх үүсвэр Тавиурын заалт Баркод Үнэ Хамгийн сүүлд байсан огноо Нийт уншлаганд гарсан тоо Хамгийн сүүлд уншлаганд гарсан огноо Фактур мөрийн дугаар Төрөл
          МУҮНомын сан салбар МУҮНомын сан салбар МУҮНС салбар | Хүмүүн танхим 6 давхар МУҮНС салбар | Хүмүүн танхим 6 давхар 2021-09-09 Худалдан авсан 16025 000030016025 3000.00 2023-04-18 1 2018-12-25 171021.00 Ном
          МУҮНомын сан салбар МУҮНомын сан салбар МУҮНС салбар | Хүмүүн танхим 6 давхар МУҮНС салбар | Хүмүүн танхим 6 давхар 2021-09-09 Худалдан авсан 16026 000030016026 3000.00 2023-07-04 2 2023-02-26 171021.00 Ном
          МУҮНомын сан салбар МУҮНомын сан салбар МУҮНС салбар | Хүмүүн танхим 6 давхар МУҮНС салбар | Хүмүүн танхим 6 давхар 2021-09-09 Худалдан авсан 16028 000030016028 3000.00 2021-09-09 1 2019-11-29 171021.00 Ном
          МУҮндэсний Номын сан МУҮндэсний Номын сан МУҮНС төв | Ойр фонд МУҮНС төв | Ойр фонд 2021-09-09 Худалдан авсан 16027 000030016027 3000.00 2021-09-09 1 2017-08-21 171021.00 Ном
        Албан хэрэгцээнд МУҮндэсний Номын сан МУҮндэсний Номын сан МУҮНС төв | Архив фонд төв байр МУҮНС төв | Архив фонд төв байр 2017-09-19 Бэлэг, хандив 38661 003110038661 3000.00 2017-08-31     171913.00 Ном